000 005880000a22001810004500
003 MACL
005 20160512125519.0
008 160512b xxu||||| |||| 00| 0 eng d
040 _aMACL
_cMACL
041 _aHindi
082 _a891.431
100 _aसिंह, वरयाम
_956320
245 _aआधुनिक ब्‍येलोरूसी कवितायें
_cवरयाम सिंह
260 _bप्रकाशन संस्‍थान
_c1985
_aदिल्‍ली
350 _a40
650 _aPoetry
_956321
942 _cHIN
_k891.431/SIN/P
_2ddc
999 _c21430
_d21430